00433nam a22001457a 4500003001100000005001700011008004100028040003900069041000800108082001700116100001800133245006900151260005000220650001700270LK-CoMWRAF20231026221341.0231026b |||||||| |||| 00| 0 eng d aLK-CoMWRAFdLK-CoMWRAFeLK-CoMWRAF aeng a297.122bZAY aZayid, Mahmud aThe Quran :bAn English translation of the meaning of the Quran  aLebanon :bThe supreme sunni and shii council aIslam--Quran